| 000 | 00519nam a2200181 a 4500 | ||
|---|---|---|---|
| 001 | 2814 | ||
| 003 | CO-ViMGA | ||
| 008 | 141112s2004 ck r 000 u spa d | ||
| 040 |
_aCO-ViMGA _bspa _cCO-ViMGA |
||
| 082 | 0 | 4 | _aR615.532 F673 |
| 100 | 1 |
_aFores, Ramon _95019 |
|
| 245 | 1 | 0 |
_aAtlas de las plantas medicinales y curativas : _bla salud a traves de las plantas |
| 260 |
_aMadrid : _bCultural, _c1997 |
||
| 300 | _a111 p : il | ||
| 650 | 1 | 4 |
_aHOMEOPATIA _95020 |
| 650 | 1 | 4 |
_aPLANTAS MEDICINALES _95021 |
| 942 |
_2ddc _cBK |
||
| 999 |
_c14884 _d14884 |
||